<?xml version="1.0" encoding="UTF-8"?>
<collection xmlns="http://www.loc.gov/MARC21/slim">
 <record>
  <leader>03862ntm a22004937i 4500</leader>
  <controlfield tag="001">000728069</controlfield>
  <controlfield tag="003">CZ-PrVSE</controlfield>
  <controlfield tag="005">20260207225632.0</controlfield>
  <controlfield tag="006">m        d</controlfield>
  <controlfield tag="007">cr n||||||||||</controlfield>
  <controlfield tag="008">260207s2025    xr     fsbm   000 0 cze d</controlfield>
  <datafield tag="STA" ind1=" " ind2=" ">
   <subfield code="a">NEZPRACOVANÝ IMPORT</subfield>
  </datafield>
  <datafield tag="040" ind1=" " ind2=" ">
   <subfield code="a">ABA006</subfield>
   <subfield code="b">cze</subfield>
   <subfield code="c">ABA006</subfield>
   <subfield code="d">ABA006</subfield>
   <subfield code="e">rda</subfield>
  </datafield>
  <datafield tag="100" ind1="1" ind2=" ">
   <subfield code="a">Kloučková, Viktorie</subfield>
   <subfield code="%">ISIS:170212</subfield>
   <subfield code="4">dis</subfield>
  </datafield>
  <datafield tag="242" ind1="1" ind2="4">
   <subfield code="a">The Impact of Brexit on Migration in the United Kingdom, 2016-2024</subfield>
   <subfield code="y">eng</subfield>
  </datafield>
  <datafield tag="245" ind1="1" ind2="0">
   <subfield code="a">Vliv Brexitu na migraci ve Velké Británii v období 2016-2024 /</subfield>
   <subfield code="c">Viktorie Kloučková</subfield>
  </datafield>
  <datafield tag="264" ind1=" " ind2="0">
   <subfield code="c">2025</subfield>
  </datafield>
  <datafield tag="300" ind1=" " ind2=" ">
   <subfield code="a">?? stran :</subfield>
   <subfield code="3">digital, PDF soubor</subfield>
  </datafield>
  <datafield tag="500" ind1=" " ind2=" ">
   <subfield code="a">Vedoucí práce: Michaela Ševčíková</subfield>
  </datafield>
  <datafield tag="502" ind1=" " ind2=" ">
   <subfield code="a">Bakalářská práce (Bc.)—Vysoká škola ekonomická v Praze. Národohospodářská fakulta, 2026</subfield>
  </datafield>
  <datafield tag="504" ind1=" " ind2=" ">
   <subfield code="a">Obsahuje bibliografii</subfield>
  </datafield>
  <datafield tag="516" ind1=" " ind2=" ">
   <subfield code="a">Textový (vysokoškolská kvalifikační práce)</subfield>
  </datafield>
  <datafield tag="518" ind1=" " ind2=" ">
   <subfield code="a">Rok obhajoby 2026</subfield>
  </datafield>
  <datafield tag="520" ind1="3" ind2=" ">
   <subfield code="a">Cílem bakalářské práce je zjistit, jak Brexit proměnil migrační vývoj ve Velké Británii v období 2016–2024 a jak ovlivnil strukturu jednotlivých migračních proudů a jejich do-pady na britský trh práce. Teoretická část vymezuje základní pojmy spojené s migrací, představuje klíčové migrační teorie a popisuje evropský a britský kontext migrace, včetně institucionálního rámce a změn v britské migrační politice. Praktická část se zabývá analýzou vývoje imigrace, emigrace a čisté migrace po ro-ce 2016 a hodnotí dopady zavedení nového migračního bodového systému a nových hu-manitárních vízových programů. Práce sleduje změny ve složení migrantů podle jejich původu i účelu pobytu v zemi a hodnotí jejich postavení na trhu práce, včetně míry za-městnanosti, sektorové struktury, kvalifikace a mzdových podmínek. Výsledky ukazují výrazný pokles migrace z členských států Evropské unie, a nao-pak nárůst migrantů ze zemí mimo Evropskou unii, zejména v oblasti pracovní a studijní migrace. Po roce 2021 rostou především počty držitelů víz pro kvalifikované pracovníky v oblasti zdravotnictví a sociální péče, zatímco nízkokvalifikované profese čelí nedostatku pracovní síly. Humanitární migrace je po roce 2021 ovlivněna především válkou na Ukra-jině a dalšími vízovými programy. Analýza zároveň potvrzuje rostoucí význam migrantů pro britský trh práce, jejich odlišnou kvalifikační strukturu a značnou diferenciaci mzdo-vých podmínek podle země původu. Práce přináší ucelený pohled na hlavní faktory formující migraci ve Velké Británii v období po Brexitu a přispívá k porozumění toho, jak se legislativní změny a globální události promítají do vývoje migračních trendů a ekonomické integrace migrantů.</subfield>
  </datafield>
  <datafield tag="538" ind1=" " ind2=" ">
   <subfield code="a">Způsob přístupu: Internet</subfield>
  </datafield>
  <datafield tag="653" ind1="0" ind2=" ">
   <subfield code="a">národní hospodářství [obor bakal. práce]</subfield>
  </datafield>
  <datafield tag="655" ind1=" " ind2="7">
   <subfield code="a">bakalářské práce</subfield>
   <subfield code="7">fd132403</subfield>
   <subfield code="2">czenas</subfield>
  </datafield>
  <datafield tag="655" ind1=" " ind2="9">
   <subfield code="a">bachelor's theses</subfield>
   <subfield code="2">eczenas</subfield>
  </datafield>
  <datafield tag="690" ind1=" " ind2=" ">
   <subfield code="a">Brexit</subfield>
  </datafield>
  <datafield tag="690" ind1=" " ind2=" ">
   <subfield code="a">Migrace</subfield>
  </datafield>
  <datafield tag="690" ind1=" " ind2=" ">
   <subfield code="a">Velká Británie</subfield>
  </datafield>
  <datafield tag="700" ind1="1" ind2=" ">
   <subfield code="a">Ševčíková, Michaela</subfield>
   <subfield code="7">vse2015886684</subfield>
   <subfield code="4">ths</subfield>
  </datafield>
  <datafield tag="700" ind1="1" ind2=" ">
   <subfield code="a">Štípek, Vladimír,</subfield>
   <subfield code="d">1986-</subfield>
   <subfield code="7">jo20251257314</subfield>
   <subfield code="4">opn</subfield>
  </datafield>
  <datafield tag="710" ind1="2" ind2=" ">
   <subfield code="a">Vysoká škola ekonomická v Praze.</subfield>
   <subfield code="b">Národohospodářská fakulta</subfield>
   <subfield code="7">kn20010709401</subfield>
   <subfield code="4">dgg</subfield>
  </datafield>
  <datafield tag="856" ind1="4" ind2="0">
   <subfield code="u">https://insis.vse.cz/zp/93364/podrobnosti</subfield>
   <subfield code="y">VŠKP v InSIS</subfield>
  </datafield>
  <datafield tag="856" ind1="4" ind2="0">
   <subfield code="u">https://insis.vse.cz/zp/93364</subfield>
   <subfield code="y">Hlavní práce</subfield>
  </datafield>
  <datafield tag="856" ind1="4" ind2="0">
   <subfield code="u">https://insis.vse.cz/zp/93364/posudek/vedouci</subfield>
   <subfield code="y">Hodnocení vedoucího</subfield>
  </datafield>
  <datafield tag="856" ind1="4" ind2="0">
   <subfield code="u">https://insis.vse.cz/zp/93364/posudek/oponent/89146</subfield>
   <subfield code="y">Oponentura</subfield>
  </datafield>
  <datafield tag="999" ind1="4" ind2="0">
   <subfield code="u">https://insis.vse.cz/zp/93364/podrobnosti</subfield>
   <subfield code="y">dc:identifier</subfield>
  </datafield>
  <datafield tag="993" ind1=" " ind2=" ">
   <subfield code="x">NEPOSILAT</subfield>
   <subfield code="y">VSKP</subfield>
  </datafield>
  <datafield tag="999" ind1="4" ind2="9">
   <subfield code="a">vse93364</subfield>
   <subfield code="b">260204</subfield>
  </datafield>
  <datafield tag="999" ind1="4" ind2="5">
   <subfield code="x">93364</subfield>
  </datafield>
 </record>
</collection>
